000 00187 a2200097 4500
020 _a078073003990
041 _aeng
100 _aRobert Stine
245 _aCalling all creeps
942 _cBK
999 _c29356
_d29354